| 000 | 00822cam a2200253u 4500 | ||
|---|---|---|---|
| 001 | 22377 | ||
| 003 | BD-RjUL | ||
| 005 | 20211209000811.0 | ||
| 008 | 140308r19271909enk 000 0 eng | ||
| 035 | _a(BD-RjUL)22442 | ||
| 040 |
_aDLC _cCarP _dDLC _dBD-RjUL _beng |
||
| 041 | _aeng | ||
| 082 |
_a824.8 _bGIG 1927 |
||
| 100 | 1 |
_aGilfillan, George, _d1813-1878. _969091 |
|
| 245 | 1 | 2 |
_aA gallery of literary portraits / _cby George Gilfillan. |
| 260 |
_aLondon : _bJ. M. Dent & sons, ltd.; _c[Reprinted 1927]. |
||
| 300 |
_axx, 305 p. ; _c18 cm. |
||
| 650 | 0 |
_aAuthors, English _vBiography. _957243 |
|
| 650 | 0 |
_aEnglish literature _xHistory and criticism. _969092 |
|
| 700 | 1 |
_aNicoll, W. Robertson _q(William Robertson), _cSir, _d1851-1923. _969093 |
|
| 942 |
_2ddc _cBK |
||
| 999 |
_c22377 _d22377 |
||